[Event "North Island Championship"]
[Site "Auckland Chess Centre"]
[Date "2012.07.11"]
[Round "1.1"]
[White "Smith, Robert W"]
[Black "Seabrook, Roy"]
[Result "1-0"]
[WhiteElo "2333"]
[BlackElo "1885"]
[PlyCount "57"]
[EventDate "2012.??.??"]

1. e4 e5 2. Nf3 Nc6 3. d4 exd4 4. Nxd4 Qh4 5. Nc3 Bb4 6. Ndb5 Ba5 7. Bd3 a6 8.
Na3 Bxc3+ 9. bxc3 Nge7 10. O-O O-O 11. Nc4 d5 12. Nd2 dxe4 13. Nxe4 h6 14. Re1
Ne5 15. Ng3 N7g6 16. Bxg6 Nxg6 17. Qd4 Be6 18. f4 Rad8 19. Qf2 Bc4 20. f5 Nh8
21. f6 gxf6 22. Ba3 Rfe8 23. Be7 Rxe7 24. Rxe7 Bd5 25. Rd1 Qg4 26. Rd4 Qc8 27.
Qxf6 Rd6 28. Qe5 Be6 29. Nf5 1-0

[Event "North Island Championship"]
[Site "Auckland Chess Centre"]
[Date "2012.07.11"]
[Round "1.2"]
[White "Lyall, Simon"]
[Black "Li, Luke (Zuhao)"]
[Result "0-1"]
[WhiteElo "1880"]
[BlackElo "2333"]
[PlyCount "48"]
[EventDate "2012.??.??"]

1. e4 e5 2. Nf3 Nc6 3. d4 exd4 4. Nxd4 Nf6 5. Nxc6 bxc6 6. e5 Qe7 7. Qe2 Nd5 8.
c4 Nb6 9. Nc3 a5 10. a4 Ba6 11. b3 Qe6 12. Ba3 Bxa3 13. Rxa3 O-O 14. Qe4 d5 15.
cxd5 cxd5 16. Qd4 c5 17. Qxc5 Qxe5+ 18. Qe3 Qd6 19. Qc1 Rfe8+ 20. Kd1 Bxf1 21.
Rxf1 Rac8 22. Ra2 d4 23. Rd2 Qb4 24. Qb1 dxc3 0-1

[Event "North Island Championship"]
[Site "Auckland Chess Centre"]
[Date "2012.07.11"]
[Round "1.3"]
[White "Steadman, Michael V R"]
[Black "Eade, Don"]
[Result "1-0"]
[WhiteElo "2314"]
[BlackElo "1867"]
[PlyCount "45"]
[EventDate "2012.??.??"]

1. d4 Nf6 2. c4 e6 3. Nc3 d5 4. cxd5 exd5 5. Bg5 Be7 6. e3 O-O 7. Qc2 h6 8. Bh4
b6 9. Bd3 Bb7 10. f3 Re8 11. Nge2 Nbd7 12. O-O a6 13. Rad1 Rc8 14. Bf2 c5 15.
Bf5 g6 16. Bxg6 fxg6 17. Qxg6+ Kh8 18. Qxh6+ Nh7 19. dxc5 Nxc5 20. e4 Bf6 21.
Nxd5 Bxb2 22. Nec3 Rc6 23. Bd4+ 1-0

[Event "North Island Championship"]
[Site "Auckland Chess Centre"]
[Date "2012.07.11"]
[Round "1.4"]
[White "Zhang, William Jeiwen"]
[Black "Wallis, Christopher"]
[Result "0-1"]
[WhiteElo "1864"]
[BlackElo "2251"]
[PlyCount "100"]
[EventDate "2012.??.??"]

1. d4 d5 2. c4 c6 3. Nc3 Nf6 4. Nf3 e6 5. Bg5 h6 6. Bxf6 Qxf6 7. e3 Nd7 8. Bd3
dxc4 9. Bxc4 g6 10. O-O Bg7 11. e4 e5 12. d5 Nb6 13. Be2 O-O 14. Qb3 cxd5 15.
exd5 e4 16. Nd2 e3 17. Nde4 exf2+ 18. Rxf2 Qe7 19. Rd1 Bf5 20. Bf3 Rac8 21. Re2
Rfd8 22. Kh1 Qd7 23. a3 Nc4 24. Kg1 Ne5 25. Re3 Nxf3+ 26. Rxf3 Bg4 27. Rdf1
Bxf3 28. Rxf3 f5 29. Nd2 Bxc3 30. Rxc3 Rxc3 31. Qxc3 Qxd5 32. Nf3 Re8 33. Qf6
Re6 34. Qc3 Rc6 35. Qe3 Qc5 36. Qd4 Qxd4+ 37. Nxd4 Rc4 38. Nb5 Rc1+ 39. Kf2
Rc2+ 40. Kg3 a6 41. Nd4 Rxb2 42. h4 Ra2 43. h5 Rxa3+ 44. Kf4 Ra4 45. Ke5 Rxd4
46. Kxd4 Kg7 47. hxg6 Kxg6 48. g3 Kg5 49. Kc5 Kg4 50. Kb6 Kxg3 0-1

[Event "North Island Championship"]
[Site "Auckland Chess Centre"]
[Date "2012.07.11"]
[Round "1.5"]
[White "Duneas, John"]
[Black "Roberts, Michael H"]
[Result "1-0"]
[WhiteElo "2226"]
[BlackElo "1843"]
[PlyCount "89"]
[EventDate "2012.??.??"]

1. d4 Nf6 2. c4 e6 3. g3 d5 4. Bg2 Be7 5. Nf3 O-O 6. O-O Nbd7 7. Nc3 c6 8. b3
b6 9. Qc2 Qc7 10. Bb2 Ba6 11. cxd5 cxd5 12. Rac1 Rac8 13. Qb1 Qb8 14. Rfe1 Bd6
15. Nd2 Rfd8 16. a3 Nf8 17. e4 dxe4 18. Ncxe4 Nxe4 19. Qxe4 Ng6 20. Rxc8 Rxc8
21. Rc1 Rxc1+ 22. Bxc1 Qc8 23. Bb2 Ne7 24. Nc4 Bb8 25. Ne3 Bb5 26. d5 Nxd5 27.
Nxd5 exd5 28. Qd4 Qf8 29. Bxd5 Kh8 30. h4 f6 31. Qe4 Qe8 32. Qxe8+ Bxe8 33. Kg2
h6 34. Kf3 Kh7 35. Be4+ Kg8 36. Bd5+ Bf7 37. Ke4 Bd6 38. b4 Be7 39. Bxf7+ Kxf7
40. Kd5 Ke8 41. Kc6 Bd8 42. Bd4 h5 43. Kb7 Kd7 44. b5 Kd6 45. Kxa7 1-0

[Event "North Island Championship"]
[Site "Auckland Chess Centre"]
[Date "2012.07.11"]
[Round "1.6"]
[White "Dolejs, Dan"]
[Black "Thornton, Gino A"]
[Result "0-1"]
[WhiteElo "1822"]
[BlackElo "2211"]
[PlyCount "74"]
[EventDate "2012.??.??"]

1. b4 e5 2. Bb2 d6 3. e4 Nf6 4. d3 Be7 5. Nf3 O-O 6. Be2 Nh5 7. Nxe5 Nf4 8. Ng4
Nxg2+ 9. Kf1 Nf4 10. Rg1 Ng6 11. Nd2 f5 12. exf5 Rxf5 13. Ne4 Nc6 14. Ng3 Rf7
15. b5 Nce5 16. d4 Nxg4 17. Bxg4 Qf8 18. d5 Rxf2+ 19. Ke1 Qf4 20. Qd4 Qxd4 21.
Bxd4 Rxh2 22. Nf5 Bf8 23. c4 h5 24. Nh6+ Kh7 25. Bf5 Bxf5 26. Nxf5 Re8+ 27. Kd1
Ree2 28. a4 Ne5 29. Ra3 g6 30. Bxe5 dxe5 31. d6 cxd6 32. Ng3 Rd2+ 33. Ke1 d5
34. Rb3 Ra2 35. Rb1 Bb4+ 36. Kd1 Rhd2+ 37. Ke1 Rdb2+ 0-1

[Event "North Island Championship"]
[Site "Auckland Chess Centre"]
[Date "2012.07.11"]
[Round "1.7"]
[White "Dordevic, Ivan"]
[Black "Ang, Alphaeus Wei Ern"]
[Result "1-0"]
[WhiteElo "2149"]
[BlackElo "1814"]
[PlyCount "63"]
[EventDate "2012.??.??"]

1. e4 Nc6 2. d4 d5 3. Nc3 dxe4 4. d5 Ne5 5. Qd4 Ng6 6. Qxe4 Nf6 7. Qa4+ Bd7 8.
Qb3 Rb8 9. Be3 b6 10. O-O-O a5 11. a4 Bf5 12. Nf3 Nd7 13. Bb5 Bg4 14. Nd4 Bxd1
15. Rxd1 Qc8 16. f4 Nh4 17. g3 Ng2 18. Bf2 g6 19. Nc6 Ra8 20. Ne5 Bh6 21. Bxd7+
Qxd7 22. Nxd7 Kxd7 23. Qb5+ Kc8 24. Qc6 Kb8 25. Nb5 Ra6 26. Nxc7 Ra7 27. Bxb6
Rb7 28. Na6+ Ka8 29. Nc5 Rhb8 30. Nxb7 Rxb7 31. Qc8+ Rb8 32. Qa6# 1-0

[Event "North Island Championship"]
[Site "Auckland Chess Centre"]
[Date "2012.07.11"]
[Round "1.8"]
[White "Mukkattu, Philip"]
[Black "Browne, Jeremy A"]
[Result "0-1"]
[WhiteElo "1788"]
[BlackElo "2129"]
[PlyCount "112"]
[EventDate "2012.??.??"]

1. d4 e6 2. c4 f5 3. Qc2 Nf6 4. Nf3 b6 5. Nc3 Bb7 6. Bf4 Be7 7. Ne5 d6 8. Qa4+
Nfd7 9. Nd3 O-O 10. Qb3 Nc6 11. d5 Na5 12. Qa4 e5 13. Bd2 e4 14. Nf4 Nc5 15.
Qb4 g5 16. Nh3 Bc8 17. e3 Bf6 18. Qa3 Nd7 19. Be2 Ne5 20. b3 Nb7 21. b4 a5 22.
Rd1 Bd7 23. b5 Nc5 24. O-O Ncd3 25. Bxd3 Nxd3 26. Ne2 Qe7 27. Bc3 Qg7 28. Bxf6
Rxf6 29. Qc3 f4 30. Nc1 Nxc1 31. Qxc1 Bxh3 32. gxh3 f3 33. Kh1 Rh6 34. Qa1 Rxh3
35. Qxg7+ Kxg7 36. Rg1 Kf6 37. Rg4 Kf5 38. Rdg1 Rg8 39. R4g3 Rh4 40. h3 Rg6 41.
Kh2 h5 42. Rxg5+ Rxg5 43. Rxg5+ Kxg5 44. Kg3 a4 45. a3 Rg4+ 46. hxg4 hxg4 47.
Kh2 Kh4 48. Kg1 Kh3 49. Kh1 g3 50. Kg1 gxf2+ 51. Kxf2 Kh2 52. Kf1 Kg3 53. Kg1
Kg4 54. Kf2 Kh4 55. Kg1 Kg3 56. Kf1 f2 0-1

[Event "North Island Championship"]
[Site "Auckland Chess Centre"]
[Date "2012.07.11"]
[Round "1.9"]
[White "Goodhue, Nathan"]
[Black "Timergazi, Layla"]
[Result "0-1"]
[WhiteElo "2118"]
[BlackElo "1755"]
[PlyCount "64"]
[EventDate "2012.??.??"]

1. b3 c6 2. Bb2 d5 3. d3 Bf5 4. Nf3 e6 5. Nbd2 Nd7 6. e4 dxe4 7. dxe4 Bg6 8. g3
Ngf6 9. Qe2 Qc7 10. Nh4 Be7 11. Nxg6 hxg6 12. e5 Nd5 13. c4 Nb4 14. Nf3 Nc5 15.
Qd2 Rd8 16. Bd4 Qa5 17. Ke2 Qa3 18. Qb2 Qxb2+ 19. Bxb2 Nbd3 20. Ba3 Ne4 21.
Bxe7 Kxe7 22. Bg2 Nexf2 23. Rhf1 Ng4 24. h3 Ngxe5 25. Ng5 Nc5 26. b4 Na4 27.
Rac1 Nb6 28. b5 f6 29. bxc6 bxc6 30. c5 Nbc4 31. Ne4 f5 32. Ng5 Rd2+ 0-1

[Event "North Island Championship"]
[Site "Auckland Chess Centre"]
[Date "2012.07.11"]
[Round "1.10"]
[White "Kolev, Hristo"]
[Black "Stuart, Peter W"]
[Result "0-1"]
[WhiteElo "1733"]
[BlackElo "2107"]
[PlyCount "106"]
[EventDate "2012.??.??"]

1. d4 Nf6 2. c4 e6 3. Nc3 Bb4 4. a3 Bxc3+ 5. bxc3 b6 6. f3 d6 7. e4 e5 8. Be3
Nbd7 9. Bd3 Bb7 10. Ne2 O-O 11. Qd2 Qe7 12. d5 Nc5 13. Bxc5 bxc5 14. g4 Rfb8
15. Ng3 Bc8 16. O-O Rb6 17. Rfb1 Rab8 18. a4 Rxb1+ 19. Rxb1 Rxb1+ 20. Bxb1 Qe8
21. Qa2 a5 22. Qb3 Ba6 23. Nf5 Nd7 24. Ne3 Nb6 25. Bc2 g6 26. Qa2 Bc8 27. Nd1
Bd7 28. Nb2 Qd8 29. Qb1 Qg5 30. Qe1 h5 31. h3 hxg4 32. fxg4 f5 33. Bd1 fxg4 34.
hxg4 Kg7 35. Qe2 Qc1 36. Qf2 Bxg4 37. Qc2 Qxc2 38. Bxc2 Kf6 39. Kf2 Kg5 40. Kg3
Nd7 41. Nd1 Nf6 42. Ne3 Nh5+ 43. Kf2 Nf4 44. Bd1 Nd3+ 45. Kg3 Bxd1 46. Nxd1 Kh5
47. Kg2 Kg4 48. Ne3+ Kf4 49. Nc2 Nb2 50. Na3 Nxa4 51. Nb5 Nb6 52. Nxc7 Nxc4 53.
Nb5 a4 0-1

[Event "North Island Championship"]
[Site "Auckland Chess Centre"]
[Date "2012.07.11"]
[Round "1.11"]
[White "Yang, Scott"]
[Black "Shierlaw, Hamish"]
[Result "0-1"]
[WhiteElo "2103"]
[BlackElo "1628"]
[PlyCount "60"]
[EventDate "2012.??.??"]

1. d4 Nf6 2. Nf3 d5 3. g3 e6 4. c4 Be7 5. Bg2 O-O 6. O-O c6 7. Nc3 Nbd7 8. Qc2
b6 9. e4 dxc4 10. Ng5 h6 11. e5 hxg5 12. exf6 Bxf6 13. Bxc6 Rb8 14. Qe4 a6 15.
a4 Qc7 16. d5 exd5 17. Nxd5 Qd6 18. f4 Nc5 19. Qg2 Nb3 20. Ra2 Nxc1 21. Rxc1 b5
22. axb5 axb5 23. Nxf6+ Qxf6 24. Rf1 Qd4+ 25. Qf2 Qxf2+ 26. Rxf2 gxf4 27. Rxf4
Rd8 28. Ra7 Be6 29. Ra5 Rd1+ 30. Rf1 Rbd8 0-1

[Event "North Island Championship"]
[Site "Auckland Chess Centre"]
[Date "2012.07.11"]
[Round "1.12"]
[White "Kolev, Stefan"]
[Black "Milligan, Helen"]
[Result "0-1"]
[WhiteElo "1626"]
[BlackElo "2099"]
[PlyCount "76"]
[EventDate "2012.??.??"]

1. d4 Nf6 2. c4 g6 3. Nc3 Bg7 4. e4 d6 5. Nf3 O-O 6. Be2 Nbd7 7. d5 e5 8. O-O
Nc5 9. Qc2 a5 10. Nd2 Ne8 11. Nb3 f5 12. Nxc5 dxc5 13. Be3 b6 14. f4 Nd6 15.
Rae1 fxe4 16. Nxe4 Nxe4 17. Qxe4 Bf5 18. Qf3 e4 19. Qf2 Bxb2 20. g4 Bd7 21. Bd1
Bf6 22. Qg2 Qe7 23. Bc2 Bc3 24. Re2 Rae8 25. Kh1 c6 26. Bc1 cxd5 27. cxd5 Bb5
28. Re3 Bxf1 29. Qxf1 Bd4 30. Bb3 Qd6 31. Re2 e3 32. f5 Re7 33. Qh3 a4 34. Bc2
Qxd5+ 35. Kg1 gxf5 36. Bxf5 Rxf5 37. gxf5 Rg7+ 38. Rg2 e2+ 0-1

[Event "North Island Championship"]
[Site "Auckland Chess Centre"]
[Date "2012.07.11"]
[Round "1.13"]
[White "Perry, Roger L"]
[Black "Gong, Daniel"]
[Result "1-0"]
[WhiteElo "2068"]
[BlackElo "1570"]
[PlyCount "75"]
[EventDate "2012.??.??"]

1. e4 c5 2. c3 e6 3. d4 d5 4. e5 Nc6 5. Nf3 Qb6 6. a3 Bd7 7. b4 cxb4 8. cxb4 a6
9. Bb2 Nge7 10. Bd3 Ng6 11. g3 Be7 12. h4 h5 13. O-O Rc8 14. Nbd2 Nf8 15. Nb3
Na7 16. Nc5 Bb5 17. Rc1 Nd7 18. Qe2 Nxc5 19. dxc5 Bxd3 20. Qxd3 Qb5 21. Qd2 Kd7
22. Bd4 Qc6 23. Rfe1 Nb5 24. a4 Na7 25. Ra1 Rcg8 26. Be3 Kc7 27. Nd4 Qd7 28.
Rec1 Nc6 29. Nf3 Rd8 30. b5 d4 31. bxc6 Qd5 32. Qa5+ Kc8 33. cxb7+ Kb8 34. Nxd4
g5 35. Qxa6 gxh4 36. c6 Qxe5 37. c7+ Qxc7 38. Qa8# 1-0

[Event "North Island Championship"]
[Site "Auckland Chess Centre"]
[Date "2012.07.11"]
[Round "1.14"]
[White "Qin, Joy Shu Yan"]
[Black "Lim, Benji"]
[Result "0-1"]
[WhiteElo "1485"]
[BlackElo "2056"]
[PlyCount "96"]
[EventDate "2012.??.??"]

1. e4 c5 2. c3 d5 3. exd5 Qxd5 4. d4 e6 5. Nf3 Nf6 6. b3 cxd4 7. cxd4 Be7 8.
Bc4 Qa5+ 9. Bd2 Qd8 10. Nc3 O-O 11. h3 Nc6 12. Be3 Bb4 13. Qc2 Ne4 14. Bd2 Nxd2
15. Qxd2 Qa5 16. Rc1 Rd8 17. O-O a6 18. Bd3 g6 19. Be4 Nxd4 20. Qe3 Nxf3+ 21.
Qxf3 f5 22. Bb1 e5 23. Rfd1 Be6 24. Ne2 Ba3 25. Rxd8+ Rxd8 26. Rf1 Qd2 27. Nc3
Rc8 28. Na4 Rc1 29. Qe3 Qxe3 30. fxe3 Rc6 31. Rf2 b5 32. Nb2 Rc1+ 33. Rf1 Bxb2
34. Rxc1 Bxc1 35. Kf2 e4 36. g3 b4 37. Ke2 Kg7 38. Kf2 Kf6 39. Bc2 Ke5 40. h4
Bd7 41. Ke2 Bb5+ 42. Kf2 Bd3 43. Bxd3 exd3 44. Kf3 h5 45. Kf2 Ke4 46. Kf1 Bd2
47. Kf2 Bc3 48. Kf1 Kxe3 0-1

[Event "North Island Championship"]
[Site "Auckland Chess Centre"]
[Date "2012.07.11"]
[Round "1.15"]
[White "Liu, Brian"]
[Black "Dong, Olivia"]
[Result "1-0"]
[WhiteElo "1957"]
[BlackElo "1250"]
[PlyCount "61"]
[EventDate "2012.??.??"]

1. d4 d5 2. Nf3 c6 3. c4 g6 4. Nc3 Nf6 5. Bf4 Bg7 6. e3 O-O 7. Bd3 dxc4 8. Bxc4
Nbd7 9. O-O Nb6 10. Bb3 Nbd5 11. Be5 Nxc3 12. bxc3 Bf5 13. Bc2 Bxc2 14. Qxc2
Qd5 15. c4 Qe6 16. Rab1 b6 17. c5 bxc5 18. Bxf6 exf6 19. Qxc5 Rfc8 20. a4 a6
21. Rfc1 Qd5 22. h3 f5 23. Rb6 Qa2 24. Rxc6 Rcb8 25. Qc4 Qa3 26. Rc7 Rf8 27.
Ng5 f4 28. Nxf7 fxe3 29. Nh6+ Kh8 30. Qg8+ Rxg8 31. Nf7# 1-0

[Event "North Island Championship"]
[Site "Auckland Chess Centre"]
[Date "2012.07.11"]
[Round "1.16"]
[White "Wang, Aaron"]
[Black "Tsoi, Nicole"]
[Result "0-1"]
[WhiteElo "853"]
[BlackElo "1934"]
[PlyCount "48"]
[EventDate "2012.??.??"]

1. Nf3 e6 2. g3 f5 3. Bg2 Nf6 4. O-O Be7 5. d3 d6 6. Nc3 e5 7. e4 O-O 8. Bd2
Nc6 9. Qe2 Kh8 10. Rfe1 Qe8 11. exf5 Bxf5 12. Nb5 Qd7 13. Na3 Bg4 14. Qe3 Bxf3
15. Qxf3 Ng4 16. Qe4 Nxf2 17. Qa4 d5 18. c4 dxc4 19. Qxc4 Nxd3 20. Bxc6 bxc6
21. Re3 Bc5 22. Kg2 Rf2+ 23. Kh1 Qh3 24. Qe4 Qxh2# 0-1

[Event "North Island Championship"]
[Site "Auckland Chess Centre"]
[Date "2012.07.11"]
[Round "2.1"]
[White "Milligan, Helen"]
[Black "Smith, Robert W"]
[Result "0-1"]
[WhiteElo "2099"]
[BlackElo "2333"]
[PlyCount "80"]
[EventDate "2012.??.??"]

1. e4 c5 2. Nf3 e6 3. d4 cxd4 4. Nxd4 a6 5. Nc3 Qc7 6. Bd3 Nf6 7. O-O b5 8. Qe2
d6 9. a3 Be7 10. Be3 O-O 11. h3 Bb7 12. f4 Nbd7 13. Rae1 Rac8 14. Kh1 Nb6 15.
Bg1 Nc4 16. Ndxb5 axb5 17. Nxb5 Qd7 18. Na7 Nxb2 19. Nxc8 Rxc8 20. Rb1 Nxd3 21.
cxd3 Bc6 22. f5 e5 23. Rfc1 d5 24. exd5 Qxd5 25. a4 Ra8 26. a5 h6 27. Bb6 Nh5
28. Kh2 Nf4 29. Qc2 Bb5 30. Rxb5 Qxb5 31. Qc4 Qd5 32. Qe4 Qxe4 33. dxe4 Bd8 34.
Rc5 f6 35. g3 Ne2 36. Rc2 Nd4 37. Bxd4 exd4 38. Rd2 Rxa5 39. Rxd4 Ra2+ 40. Kh1
Bc7 0-1

[Event "North Island Championship"]
[Site "Auckland Chess Centre"]
[Date "2012.07.11"]
[Round "2.2"]
[White "Li, Luke (Zuhao)"]
[Black "Lim, Benji"]
[Result "1-0"]
[WhiteElo "2333"]
[BlackElo "2056"]
[PlyCount "57"]
[EventDate "2012.??.??"]

1. d4 Nf6 2. c4 g6 3. Nc3 Bg7 4. e4 d6 5. f3 a6 6. Bg5 O-O 7. Qd2 Nbd7 8. O-O-O
c5 9. d5 Qa5 10. g4 b5 11. Kb1 Ne5 12. Rc1 bxc4 13. h4 Rb8 14. h5 Qb4 15. Rc2
Bd7 16. Bh6 Nd3 17. Bxg7 Kxg7 18. Bxd3 cxd3 19. Qxd3 Qd4 20. Qf1 Bb5 21. Nxb5
Rxb5 22. Qc1 Rfb8 23. hxg6 fxg6 24. Rhh2 Qd3 25. Ka1 Qd4 26. Ne2 Qe5 27. Nf4
Kf7 28. Ne6 R5b7 29. f4 1-0

[Event "North Island Championship"]
[Site "Auckland Chess Centre"]
[Date "2012.07.11"]
[Round "2.3"]
[White "Stuart, Peter W"]
[Black "Steadman, Michael V R"]
[Result "1/2-1/2"]
[WhiteElo "2107"]
[BlackElo "2314"]
[PlyCount "118"]
[EventDate "2012.??.??"]

1. c4 f5 2. Nc3 Nf6 3. g3 e6 4. Bg2 d5 5. d4 c6 6. cxd5 exd5 7. Nf3 Bd6 8. Bf4
O-O 9. Bxd6 Qxd6 10. O-O f4 11. Ne5 fxg3 12. fxg3 Nbd7 13. Nxd7 Bxd7 14. Qd2
Rae8 15. Rae1 b5 16. e4 dxe4 17. Nxe4 Nxe4 18. Rxf8+ Rxf8 19. Bxe4 c5 20. Bg2
cxd4 21. Rd1 Re8 22. Bf3 Be6 23. Qxd4 Qxd4+ 24. Rxd4 Bxa2 25. Bd5+ Bxd5 26.
Rxd5 a6 27. Rd6 Re2 28. b4 Ra2 29. h4 Kf7 30. Rb6 h5 31. Kf1 Ra4 32. Kf2 Rxb4
33. Rxa6 Rb1 34. Kf3 b4 35. Kf4 Rf1+ 36. Ke4 Rc1 37. Ra7+ Kg6 38. Ra6+ Kh7 39.
Rb6 Rc4+ 40. Kf5 Rg4 41. Rb7 Rxg3 42. Rxb4 g6+ 43. Ke5 Kh6 44. Ra4 Rf3 45. Ra6
Rf5+ 46. Ke4 Rb5 47. Kf3 Rb3+ 48. Kg2 Kg7 49. Rc6 Kf7 50. Ra6 Re3 51. Rb6 Re6
52. Rb5 Kf6 53. Kf3 Rc6 54. Ra5 Rc3+ 55. Kg2 Re3 56. Rb5 Re5 57. Rb4 Kf5 58.
Kf3 Ra5 59. Rb3 Rc5 1/2-1/2

[Event "North Island Championship"]
[Site "Auckland Chess Centre"]
[Date "2012.07.11"]
[Round "2.4"]
[White "Wallis, Christopher"]
[Black "Perry, Roger L"]
[Result "1-0"]
[WhiteElo "2251"]
[BlackElo "2068"]
[PlyCount "71"]
[EventDate "2012.??.??"]

1. Nf3 c5 2. c4 Nc6 3. Nc3 e5 4. e3 Nf6 5. a3 d6 6. d4 Be7 7. d5 Nb8 8. b4 Nbd7
9. e4 b6 10. Bd3 O-O 11. Ne2 Kh8 12. h3 Rg8 13. g4 Nf8 14. Ng3 Ne8 15. Be3 g6
16. Rb1 Ng7 17. h4 f6 18. Nd2 Qe8 19. h5 Qf7 20. hxg6 Qxg6 21. f3 Qf7 22. Qe2
Ne8 23. Nf5 Bxf5 24. exf5 Rg7 25. Ne4 Kg8 26. Bh6 Nd7 27. Bxg7 Qxg7 28. Kf2 Kf7
29. Rh3 Rc8 30. Rbh1 Nf8 31. Bc2 Kg8 32. Ba4 Qf7 33. Rh6 Rd8 34. Bxe8 Rxe8 35.
g5 fxg5 36. f6 1-0

[Event "North Island Championship"]
[Site "Auckland Chess Centre"]
[Date "2012.07.11"]
[Round "2.5"]
[White "Browne, Jeremy A"]
[Black "Duneas, John"]
[Result "1-0"]
[WhiteElo "2129"]
[BlackElo "2226"]
[PlyCount "61"]
[EventDate "2012.??.??"]

1. Nf3 d5 2. d4 Nf6 3. c4 c6 4. Nc3 dxc4 5. a4 Bf5 6. Bg5 Ne4 7. Nxe4 Bxe4 8.
Nd2 Qxd4 9. e3 Qd5 10. Nxe4 Qxe4 11. Rc1 Qe5 12. Qg4 e6 13. Bxc4 Bb4+ 14. Kf1
Qxb2 15. Rd1 O-O 16. g3 a5 17. Kg2 Na6 18. Rd4 Kh8 19. Qh5 Bc3 20. Bf6 Qc2 21.
Bxg7+ Kxg7 22. Bd3 Bxd4 23. Bxc2 Bc5 24. Qg5+ Kh8 25. Qf6+ Kg8 26. Rd1 Bb6 27.
Qh6 f5 28. Rd7 Rf7 29. Qxe6 Raf8 30. Rxf7 Rxf7 31. Bb3 1-0

[Event "North Island Championship"]
[Site "Auckland Chess Centre"]
[Date "2012.07.11"]
[Round "2.6"]
[White "Thornton, Gino A"]
[Black "Dordevic, Ivan"]
[Result "0-1"]
[WhiteElo "2211"]
[BlackElo "2149"]
[PlyCount "62"]
[EventDate "2012.??.??"]

1. d4 c5 2. d5 Nf6 3. c4 e6 4. Nc3 exd5 5. cxd5 d6 6. e4 g6 7. f4 Bg7 8. Bb5+
Nfd7 9. a4 O-O 10. Nf3 Na6 11. O-O Nc7 12. Be2 a6 13. Qe1 Re8 14. e5 dxe5 15.
f5 Nf6 16. fxg6 hxg6 17. Ng5 Ncxd5 18. Bc4 Be6 19. Nxe6 Rxe6 20. Bg5 Nf4 21.
Rxf4 exf4 22. Bxe6 Qd4+ 23. Kh1 Re8 24. Bxf7+ Kxf7 25. Qf1 Ng4 26. Qxf4+ Kg8
27. Qxd4 cxd4 28. Nd5 Re5 29. Ne7+ Kh7 30. h3 Nf2+ 31. Kg1 Ne4 0-1

[Event "North Island Championship"]
[Site "Auckland Chess Centre"]
[Date "2012.07.11"]
[Round "2.7"]
[White "Shierlaw, Hamish"]
[Black "Liu, Brian"]
[Result "1/2-1/2"]
[WhiteElo "1628"]
[BlackElo "1957"]
[PlyCount "66"]
[EventDate "2012.??.??"]

1. e4 c5 2. Nf3 Nc6 3. d4 cxd4 4. Nxd4 Nf6 5. Nc3 e5 6. Nf3 Bb4 7. Bd3 d5 8.
exd5 Nxd5 9. Bd2 Bxc3 10. Bxc3 Nxc3 11. bxc3 Bg4 12. Be2 Qa5 13. Qd2 O-O 14.
O-O Rad8 15. Qe3 Bf5 16. Rfc1 h6 17. Nd2 Qa4 18. Bd3 e4 19. Bc4 Ne5 20. Bb3 Qc6
21. Rd1 Bg6 22. h3 a6 23. Re1 Rfe8 24. Rad1 b5 25. Nb1 Nc4 26. Qc1 e3 27. Rxd8
exf2+ 28. Kxf2 Rxd8 29. Kg1 Be4 30. Re2 Rd6 31. Qe1 Re6 32. Nd2 Qc5+ 33. Kh2
Qd6+ {(=)} 1/2-1/2

[Event "North Island Championship"]
[Site "Auckland Chess Centre"]
[Date "2012.07.11"]
[Round "2.8"]
[White "Timergazi, Layla"]
[Black "Tsoi, Nicole"]
[Result "0-1"]
[WhiteElo "1755"]
[BlackElo "1934"]
[PlyCount "120"]
[EventDate "2012.??.??"]

1. d4 e6 2. c4 f5 3. Nc3 Nf6 4. Nf3 Be7 5. Bf4 d6 6. e3 O-O 7. Be2 a5 8. O-O
Qe8 9. h3 h6 10. Nd2 Nbd7 11. Nb5 Bd8 12. Bf3 e5 13. Bh2 g5 14. Re1 Qg6 15. Qc2
e4 16. Be2 b6 17. d5 Nc5 18. Nb3 Nh5 19. N3d4 Rf7 20. Kh1 g4 21. Rg1 f4 22.
Raf1 fxe3 23. fxe3 Rxf1 24. Rxf1 gxh3 25. gxh3 Bxh3 26. Rg1 Bg5 27. Nxc7 Ra7
28. Nce6 Nxe6 29. dxe6 Ng7 30. Bxd6 Nxe6 31. Nxe6 Bxe6 32. Bf4 Rg7 33. Qd1 Rd7
34. Qc2 Kh7 35. Bf1 Qh5+ 36. Qh2 Qxh2+ 37. Kxh2 Bxf4+ 38. exf4 Rf7 39. Kg3 Rg7+
40. Kh2 Rf7 41. Kg3 Rg7+ 42. Kh2 Rxg1 43. Kxg1 Bg4 44. Kf2 Kg6 45. Bg2 Bf5 46.
Ke3 h5 47. Bxe4 Bxe4 48. Kxe4 h4 49. Kf3 Kf5 50. b3 h3 51. Kg3 h2 52. Kxh2 Kxf4
53. a3 Ke4 54. b4 Kd4 55. c5 bxc5 56. bxc5 Kxc5 57. Kg2 Kc4 58. Kf2 Kb3 59. Ke2
Kxa3 60. Kd2 Kb2 0-1

[Event "North Island Championship"]
[Site "Auckland Chess Centre"]
[Date "2012.07.11"]
[Round "2.9"]
[White "Dong, Olivia"]
[Black "Goodhue, Nathan"]
[Result "0-1"]
[WhiteElo "1250"]
[BlackElo "2118"]
[PlyCount "60"]
[EventDate "2012.??.??"]

1. d4 d6 2. Bf4 Nd7 3. Nf3 Ngf6 4. e3 Nh5 5. Bg3 Nxg3 6. hxg3 e5 7. Nbd2 g6 8.
c3 Bg7 9. Qb3 Qe7 10. O-O-O e4 11. Nh4 Nb6 12. a4 Bd7 13. Bb5 c6 14. a5 cxb5
15. axb6 g5 16. Ng6 hxg6 17. bxa7 Rxh1 18. Rxh1 Rxa7 19. Rh7 Kf8 20. Qb4 Kg8
21. Rh2 Qe6 22. f3 exf3 23. gxf3 Ra4 24. Qb3 Qxe3 25. Qd5 Qg1+ 26. Kc2 Bf5+ 27.
Ne4 Qxh2+ 28. Kd3 Be6 29. Qxb5 Bc4+ 30. Ke3 Qe2# 0-1

[Event "North Island Championship"]
[Site "Auckland Chess Centre"]
[Date "2012.07.11"]
[Round "2.10"]
[White "Gong, Daniel"]
[Black "Yang, Scott"]
[Result "0-1"]
[WhiteElo "1570"]
[BlackElo "2103"]
[PlyCount "90"]
[EventDate "2012.??.??"]

1. e4 d5 2. exd5 Qxd5 3. Nc3 Qa5 4. d4 c6 5. Nf3 Bg4 6. h3 Bh5 7. Bd2 Qc7 8.
Be2 Nf6 9. O-O Nbd7 10. Re1 e6 11. Be3 Bd6 12. Qd2 O-O 13. a3 a5 14. Rad1 Rab8
15. Ng5 Bg6 16. Bd3 b5 17. Bxg6 hxg6 18. Nge4 Rb7 19. Nxd6 Qxd6 20. Bf4 Qe7 21.
Ne4 Nxe4 22. Rxe4 b4 23. d5 cxd5 24. Qxd5 Nf6 25. Bg5 Nxd5 26. Bxe7 Nxe7 27. a4
Rc8 28. Rd2 Rbc7 29. Ree2 Nd5 30. g3 Nb6 31. b3 Nd5 32. Kg2 Nc3 33. Re3 Nb1 34.
Rd1 Na3 35. Re5 Rc5 36. Re4 Rxc2 37. Rh4 g5 38. Rh5 f6 39. Rd7 R2c7 40. Rd1 Nc2
41. h4 gxh4 42. Rxa5 hxg3 43. Kxg3 Rc3+ 44. Kf4 Rxb3 45. Ra7 Rc4+ 0-1

[Event "North Island Championship"]
[Site "Auckland Chess Centre"]
[Date "2012.07.11"]
[Round "2.11"]
[White "Seabrook, Roy"]
[Black "Wang, Aaron"]
[Result "1-0"]
[WhiteElo "1885"]
[BlackElo "853"]
[PlyCount "71"]
[EventDate "2012.??.??"]

1. e4 c5 2. Nf3 Nc6 3. c3 g6 4. d4 cxd4 5. cxd4 Bg7 6. Nc3 d6 7. h3 Nf6 8. Bc4
e6 9. Bb3 O-O 10. O-O d5 11. e5 Nd7 12. Qe2 Nb6 13. Nb5 Bd7 14. Nd6 Qc7 15. Bf4
Rad8 16. Rac1 a6 17. Qe3 Nc8 18. Bg5 f6 19. exf6 Bxf6 20. Bxf6 Rxf6 21. Nxc8
Qxc8 22. Ne5 Qb8 23. Ng4 Rff8 24. Rc3 Ne7 25. Ne5 Rf6 26. Qg5 Kg7 27. Ng4 Rf7
28. Qh6+ Kg8 29. Ne5 Nf5 30. Qd2 Rff8 31. Rfc1 Nd6 32. Rc7 Ne4 33. Qh6 Rxf2 34.
Nxd7 Qa7 35. Nf6+ Rxf6 36. Qg7# 1-0

[Event "North Island Championship"]
[Site "Auckland Chess Centre"]
[Date "2012.07.11"]
[Round "2.12"]
[White "Lyall, Simon"]
[Black "Qin, Joy Shu Yan"]
[Result "0-1"]
[WhiteElo "1880"]
[BlackElo "1485"]
[PlyCount "64"]
[EventDate "2012.??.??"]

1. e4 e6 2. d4 d5 3. e5 c5 4. c3 Nc6 5. Nf3 Qb6 6. a3 cxd4 7. cxd4 f6 8. b4 a6
9. Be2 fxe5 10. dxe5 Nge7 11. O-O Ng6 12. Bb2 Be7 13. Bd3 Nf4 14. Bc2 O-O 15.
h4 a5 16. g3 Nh5 17. Nd4 g6 18. Nxc6 Qxc6 19. bxa5 Rxa5 20. Bc3 Ra8 21. Qd2 Bc5
22. Kh2 d4 23. Bb2 Nxg3 24. Kxg3 Qf3+ 25. Kh2 Rf4 26. Qxf4 Qxf4+ 27. Kh3 Qxe5
28. Bd3 Qf4 29. Bc4 Qf3+ 30. Kh2 Bd6+ 31. Kg1 Qg4+ 32. Kh1 Qh3+ 0-1